|
|
|
|
| LEADER |
01473nam a2200361Ia 4500 |
| 001 |
EBC3037581 |
| 003 |
MiAaPQ |
| 005 |
20200520144314.0 |
| 006 |
m o d | |
| 007 |
cr cn||||||||| |
| 008 |
101129t20112011cau sb 001 0 eng d |
| 010 |
|
|
|z 2010050160
|
| 020 |
|
|
|z 9780804776165
|
| 035 |
|
|
|a (MiAaPQ)EBC3037581
|
| 035 |
|
|
|a (Au-PeEL)EBL3037581
|
| 035 |
|
|
|a (CaPaEBR)ebr10484212
|
| 035 |
|
|
|a (OCoLC)747037591
|
| 040 |
|
|
|a MiAaPQ
|c MiAaPQ
|d MiAaPQ
|
| 050 |
|
4 |
|a HF1130
|b .A94 2011
|
| 082 |
0 |
4 |
|a 650.071/173
|2 22
|
| 100 |
1 |
|
|a Augier, Mie,
|d 1972-
|
| 245 |
1 |
4 |
|a The roots, rituals, and rhetorics of change
|h [electronic resource] :
|b North American business schools after the Second World War /
|c Mie Augier and James G. March.
|
| 260 |
|
|
|a Stanford, California :
|b Stanford Business Books,
|c 2011.
|
| 300 |
|
|
|a x, 364 p.
|
| 504 |
|
|
|a Includes bibliographical references and index.
|
| 533 |
|
|
|a Electronic reproduction. Ann Arbor, MI : ProQuest, 2015. Available via World Wide Web. Access may be limited to ProQuest affiliated libraries.
|
| 650 |
|
0 |
|a Business schools
|z North America
|x History
|y 20th century.
|
| 650 |
|
0 |
|a Business education
|z North America
|x History
|y 20th century.
|
| 650 |
|
0 |
|a Educational change
|z North America
|x History
|y 20th century.
|
| 655 |
|
4 |
|a Electronic books.
|
| 700 |
1 |
|
|a March, James G.
|
| 710 |
2 |
|
|a ProQuest (Firm)
|
| 856 |
4 |
0 |
|u https://ebookcentral.proquest.com/lib/matrademy/detail.action?docID=3037581
|z Click to View
|